<?xml version="1.0" encoding="UTF-8"?>
<collection xmlns="http://www.loc.gov/MARC21/slim">
 <record>
  <leader>00520nam a22001455a 4500</leader>
  <controlfield tag="001">EEA.libagro000806</controlfield>
  <controlfield tag="008">130809s1968####ag############000#0#spa#d</controlfield>
  <controlfield tag="005">20191025102026.0</controlfield>
  <datafield tag="245" ind1="1" ind2="0">
   <subfield code="a">Prehistoria de la región pampeana sur /</subfield>
   <subfield code="c">por Antonio G. Austral.</subfield>
  </datafield>
  <datafield tag="260" ind1=" " ind2=" ">
   <subfield code="a">Bahía Blanca :</subfield>
   <subfield code="b">Universidad Nacional del Sur, Extensio&amp;#769;n Cultural,</subfield>
   <subfield code="c">[1968]</subfield>
  </datafield>
  <datafield tag="300" ind1=" " ind2=" ">
   <subfield code="a">22 p. ;</subfield>
   <subfield code="c">20 cm.</subfield>
  </datafield>
  <datafield tag="490" ind1="1" ind2=" ">
   <subfield code="a">Serie: Las Rai&amp;#769;ces</subfield>
  </datafield>
  <datafield tag="100" ind1="1" ind2=" ">
   <subfield code="a">Austral, Antonio G.</subfield>
  </datafield>
  <datafield tag="082" ind1="0" ind2="4">
   <subfield code="a">930.10982</subfield>
  </datafield>
  <datafield tag="859" ind1=" " ind2=" ">
   <subfield code="a">AR-BbBCA</subfield>
   <subfield code="b">BIB. AGRONOMIA</subfield>
   <subfield code="h">930.10982</subfield>
   <subfield code="i">A938</subfield>
   <subfield code="p">1974/0069</subfield>
  </datafield>
 </record>
</collection>
